00687 2200241 4500001002100000005001700021008004100038020002200079035002500101040001200126082001200138084001800150100001400168245008900182250001100271260004200282300003500324650001500359700001600374700002200390850001200412990002100424INLIS00000000000050220150730143017.0  a978-979-26-1929-4 a0010-101400000000397 aYOPDYOG aDEP 510 aDEP 510 Lin C aLINA, Kak aCepat pintar matematika TK Bb: Belajar matematika jadi mudah dan menyenangkancLina aCet. 1 aYogyakartabCitra Media Pustakac2013 aii, 50 hlm. :bilus. ;c30 cm. aMatematika aAthenk Arts aTiara Indah Swara aYOPDYOG aCB-D.11-2013-893